"Romagondok" az oktatásban a roma kisebbség szlovákiai képzéséről (részletek)

Bibliographic Details
Main Authors: Vašečka, Michal, 1972- (Author), Varjú, Katalin (Author), Pénzesné, Ilona B. (Author), Reisz, va (Author)
Format: Article
Language:Hungarian
PhysicalDescription:Fotogr.
Subjects:

MARC

LEADER 00000nab a2200000 a 4500
001 vtls000726001
003 SK-MaSNL
005 20260319074512.0
008 141024c2000 xo 0 hun
015 |a SNBRB2000/06-17616 
035 |a CLN000078161 
040 |a SNKBUCL  |b slo  |c SNKBUCL  |e AACR2 
041 0 |a hun 
044 |a xo  |c SK 
080 |a 376.7-057.66-053.2  |2 1997 
100 1 |a Vašečka, Michal,  |d 1972-  |4 aut  |9 209977 
245 1 0 |a "Romagondok" az oktatásban  |b a roma kisebbség szlovákiai képzéséről (részletek)  |c Michal Vašečka 
300 |b Fotogr. 
500 |a Koreferáty Katalin Varjú, Ilona Pénzesné B., va Reisz 
650 0 7 |a žiaci rómski  |x vzdelávanie špeciálne  |x projekty  |2 snkbucl  |9 896145 
655 7 |a články z novín a časopisov  |2 snkbucl  |9 267496 
700 1 |a Varjú, Katalin  |4 aut  |9 468942 
700 1 |a Pénzesné, Ilona B.  |4 aut  |9 915526 
700 1 |a Reisz, va  |4 aut  |9 917878 
773 0 |t Katedra  |g Roč. 7, č. 9 (2000), s. 13-15 
850 |a Slovenská národná knižnica v Martine 
852 |a SNK  |b KIS3GCP 
958 |a HU 
958 |a SK 
999 |c 1454039  |d 1455969